|
|
|
|
| LEADER |
00000cam a2200000 7i4500 |
| 001 |
0000002087 |
| 005 |
20021007.0 |
| 020 |
0 |
0 |
|a 9839592807
|
| 090 |
0 |
0 |
|a FRIM633.58
|b ARO 1998
|
| 100 |
0 |
0 |
|a ABD. Razak Othman
|
| 245 |
1 |
0 |
|a Panduan penanaman dan pengurusan dirian buluh untuk pengeluaran rebung
|c oleh Abd. Razak Othman, Hj. Jamaludin Hj. Malek
|
| 260 |
0 |
0 |
|a Kuala Lumpur :
|b Institut Penyelidikan Perhutanan Malaysia ,
|c 1998
|
| 300 |
|
|
|a v, 27 p. :
|b col. ill. ;
|c 27 cm.
|
| 440 |
0 |
0 |
|a FRIM technical information handbook; n. 17
|
| 500 |
0 |
0 |
|a Bibliography : p. 25
|
| 650 |
0 |
0 |
|a Bamboo shoots
|z Malaysia
|
| 650 |
0 |
0 |
|a Bamboo
|x Industries
|z Malaysia
|
| 650 |
0 |
0 |
|a Bamboo
|z Malaysia
|
| 700 |
0 |
1 |
|a Jamaluddin Hj. Malek
|f Haji
|
| 710 |
1 |
1 |
|a Institut Penyelidikan Perhutanan Malaysia (FRIM)
|
| 998 |
|
|
|a JPSM
|
| 999 |
|
|
|a 0000003482
|b Monograph
|c Open Shelf
|e Default branch
|